Liliana Cavani
Gardado en:
| Autor Principal: | |
|---|---|
| Formato: | Libro |
| Idioma: | Lingua castelá |
| Publicado: |
Madrid
Fundamentos
1980
|
| Series: | Cine, 81
|
| Subjects: | |
| Tags: |
Engadir etiqueta
Sen Etiquetas, Sexa o primeiro en etiquetar este rexistro!
|
MARC
| LEADER | 00000nam a2200000 a 4500 | ||
|---|---|---|---|
| 001 | UCO4994 | ||
| 003 | CL-VaPUC | ||
| 008 | 000825e19800000SP |||||||||||||||||spa|d | ||
| 082 | 0 | 4 | |a 791.4309 |b GAR |2 21 |
| 100 | 0 | |a García del Vall, Arnoldo |e author |9 449713 | |
| 245 | 1 | 0 | |a Liliana Cavani |
| 300 | |a 137 p | ||
| 942 | |c BK | ||
| 945 | |d 20000825 00:00:00 |a crobeson | ||
| 260 | |a Madrid |b Fundamentos |c 1980 | ||
| 600 | 0 | 7 | |a CAVANI, LILIANA |2 CL-VaPUC |9 449714 |
| 650 | 0 | |a Directores de cine |9 368705 | |
| 650 | 7 | |a REALIZADORES CINEMATOGRAFICOS |2 CL-VaPUC |9 355120 | |
| 650 | 0 | |a Cine italiano |9 267409 | |
| 650 | 0 | |a Entrevistas |9 265537 | |
| 583 | |a last modification |c 20000825 00:00:00 |k Rodrigo Vera | ||
| 490 | 0 | |a Cine, 81 | |
| 999 | |c 290951 |d 290949 | ||
| 952 | |0 0 |1 0 |4 0 |6 791_430900000000000_GAR_1980 |7 0 |8 R |9 340583 |a BIBART |b BIBART |d 2019-11-20 |i 1217798 |o 791.4309 GAR 1980 |p 1217798 |r 2025-03-13 |w 2019-11-20 |y BK_R |k ART | ||